Language Quiz

Random Language or Letter Quiz

Starts with 'AU' to 'ZU' Quiz Stats

 Plays Quiz not verified by Sporcle

Challenge
Share
Tweet
Embed
Score 0/24 Timer 05:00
0 Plays Today
Hint Word % Correct
Able to be heardaudible
96.9%
Mushroom, yeast, etc.fungi
94.7%
One who plays the clarinet, for examplemusician
94.5%
1, 4/17, -3.66, e.g.number
94.4%
Characteristic of the countryside; not urbanrural
93.2%
A type of formal men's weartuxedo
92.1%
A large scavenging birdvulture
92.1%
The stage of day immediately preceding eveningdusk
91.4%
Of or relating to young peoplejuvenile
90.8%
The primary food source for the koalaeucalyptus
90.6%
Of or relating to cookingculinary
90%
A green vegetable closely related to squashzucchini
87.2%
Hint Word % Correct
To travel faster than something on footoutrun
87.1%
Praise received for an achievementkudos
82.2%
A German or Austrian sausagewurst
78.9%
The result of division in mathematicsquotient
72.2%
Easily bendable; flexiblesupple
65.7%
Excessive pride or self-confidencehubris
63.3%
To issue forth suddenly and forcefullyburst
59.4%
Enthusiastic initiative or resourcefulnessgumption
57.3%
To cleanse, to purifypurge
52.3%
1/100th of a Vietnamese đồngxu
51.9%
A body/object that gives lightluminary
43.6%
AKA cassava, not to be confused with yuccayuca
27.9%

You're not logged in!

Compare scores with friends on all Sporcle quizzes.
OR
Log In

You Might Also Like...

Show Comments

Extras

Top Quizzes Today


Score Distribution

Your Account Isn't Verified!

In order to create a playlist on Sporcle, you need to verify the email address you used during registration. Go to your Sporcle Settings to finish the process.

Report this User

Report this user for behavior that violates our Community Guidelines.

Details: